Automobile Engineering (Record no. 5015)

MARC details
000 -LEADER
fixed length control field 00403nam a22001697a 4500
005 - DATE AND TIME OF LATEST TRANSACTION
control field 20160701105256.0
008 - FIXED-LENGTH DATA ELEMENTS--GENERAL INFORMATION
fixed length control field 160701b xxu||||| |||| 00| 0 eng d
020 ## - INTERNATIONAL STANDARD BOOK NUMBER
ISBN 81-85749-48-5
041 ## - LANGUAGE CODE
Language code of text/sound track or separate title eng
082 ## - DEWEY DECIMAL CLASSIFICATION NUMBER
Item number 18051
100 ## - MAIN ENTRY--AUTHOR NAME
Personal name Singhal, R K
245 ## - TITLE STATEMENT
Title Automobile Engineering
260 ## - PUBLICATION, DISTRIBUTION, ETC. (IMPRINT)
Name of publisher S.K. Kataria & Sons
Year of publication 2011
300 ## - PHYSICAL DESCRIPTION
Number of Pages 333
650 ## - SUBJECT ADDED ENTRY--TOPICAL TERM
Topical Term Diploma Engineering
942 ## - ADDED ENTRY ELEMENTS (KOHA)
Koha item type Books
Holdings
Lost status Damaged status Home library Date acquired Cost, normal purchase price Full call number Accession Number Koha item type Current library Shelving location Collection code
    JRU Library 01/07/2016 185.00 18051 18051 Books      
    JRU Library 01/07/2016 185.00 18051 18052 Books JRU Library SHELF - 14 - J  
    JRU Library 01/07/2016 185.00 18051 18053 Books JRU Library SHELF - 14 - J  
    JRU Library 01/07/2016 185.00 18051 18054 Books JRU Library SHELF - 14 - J  
    JRU Library 01/07/2016 185.00 18051 18055 Books JRU Library SHELF - 14 - J  
    JRU Library 01/07/2016 185.00 18051 18056 Books   SHELF-46-G  
    JRU Library 01/07/2016 185.00 18051 18057 Books JRU Library SHELF - 14 - J  
    JRU Library 01/07/2016 185.00 18051 18058 Books JRU Library SHELF-58-G MINING
    JRU Library 01/07/2016 185.00 18051 18059 Books JRU Library SHELF-58-G MINING
    JRU Library 01/07/2016 185.00 18051 18060 Books JRU Library SHELF - 14 - J  
    JRU Library 01/07/2016 185.00 18051 18061 Books   SHELF-47-K  
    JRU Library 01/07/2016 185.00 18051 18062 Books   SHELF-47-K  
    JRU Library 01/07/2016 185.00 18051 18063 Books   SHELF-47-K  
    JRU Library 01/07/2016 185.00 18051 18064 Books JRU Library SHELF - 14 - H  
    JRU Library 01/07/2016 185.00 18051 18065 Books   SHELF-47-K  
    JRU Library 01/07/2016 185.00 18051 18066 Books JRU Library SHELF - 14 - J  
    JRU Library 01/07/2016 185.00 18051 18067 Books JRU Library Shelf - 12 - H  
    JRU Library 01/07/2016 185.00 18051 18068 Books JRU Library SHELF - 14 - J  
    JRU Library 01/07/2016 185.00 18051 18069 Books JRU Library SHELF - 14 - J  
    JRU Library 01/07/2016 185.00 18051 18070 Books JRU Library SHELF-58-G MINING
    JRU Library 01/07/2016 185.00 18051 18071 Books   SHELF-47-K  
    JRU Library 01/07/2016 185.00 18051 18072 Books      
    JRU Library 01/07/2016 185.00 18051 18073 Books JRU Library SHELF-58-G MINING
    JRU Library 01/07/2016 185.00 18051 18074 Books JRU Library SHELF - 14 - J  
    JRU Library 01/07/2016 185.00 18051 18075 Books JRU Library SHELF-58-G MINING
    JRU Library 01/07/2016 185.00 18051 18076 Books JRU Library SHELF - 14 - J  
    JRU Library 01/07/2016 185.00 18051 18077 Books JRU Library SHELF - 14 - J  
    JRU Library 01/07/2016 185.00 18051 18078 Books JRU Library SHELF - 14 - J  
    JRU Library 01/07/2016 185.00 18051 18079 Books JRU Library SHELF-58-G MINING
    JRU Library 01/07/2016 185.00 18051 18080 Books   SHELF-47-K